Città sopra o sotto l'Equatore? - Quiz n°2 - Statistics

Statistiche generali
  • Questo quiz è stato fatto 18 volte
  • Il punteggio medio è 7 su 10
Statistiche sulle risposte
Hint Risposta % Corretto
Città del Guatemala Nord dell'Equatore
94%
Luanda Sud dell'Equatore
89%
Mascate Nord dell'Equatore
83%
Bangkok Nord dell'Equatore
72%
Bogotà Nord dell'Equatore
61%
Suva Sud dell'Equatore
61%
Bamako Nord dell'Equatore
56%
Giacarta Sud dell'Equatore
56%
Guayaquil Sud dell'Equatore
44%
Yaoundé Nord dell'Equatore
39%
Nessun quiz corrispondente trovato
Distribuzione punteggi
Percentuale di utenti per punteggio
Percentile per numero di risposta
I tuoi punteggi nel tempo
Non hai fatto questo quiz